00887 2200301 4500001002100000005001500021035002000036007000300056008004100059020002200100040002200122082001400144084001600158090002200174100002800196245008800224250002600312300004000338650001000378850001200388504003200400264003500432336002100467337003000488338002300518999002200541990002200563INLIS00000000088794320240625020208 a0010-0624000845ta240625s2024 yoi g ind d a978-623-8596-35-5 aYOPDYOGbinderda04223a635.3 a635.3 HET b aCB-D.11 2024-12370 aHeti SorendaePengarang10aBertani kubis di perkotaan :bmemulai pertanian di lingkungan urban /cHeti Sorenda aCetakan pertama, 2024 aviii, 62 halaman :bgambar ;c21 cm 4aKubis aYOPDYOG aBibilografi : halaman 61-6231aYogyakarta :bPlantaxia,c2024 2rdacontentateks 2rdamediaatanpa perantara 2rdacarrieravolume aCB-D.11/2024-1237 aCB-D.11/2024-1237